| 000 | 00491nam a2200145Ia 4500 | ||
|---|---|---|---|
| 008 | 230917s9999||||xx |||||||||||||| ||und|| | ||
| 040 |
_e214993 _aMAIN |
||
| 041 | _aEnglish | ||
| 082 | _a359.00954 K167I | ||
| 100 | _aKaushiva, Pradeep, ed. | ||
| 245 | 0 | _aIndian and American perspectives on technological development in the maritime domain and thier strategic implications in the India ocean region | |
| 260 |
_aNew Delhi _bK W Publishers _c2013 |
||
| 300 | _axviii, 158 p. | ||
| 942 | _cBK | ||
| 999 |
_c178270 _d178270 |
||